Comprehension interpersonal & communication skills for general studies : (Record no. 66060)

MARC details
000 -LEADER
fixed length control field 00951nam a22002537a 4500
005 - DATE AND TIME OF LATEST TRANSACTION
control field 20130717114322.0
010 ## - LCCN (DPL NO)
LC control number ENG-105193
020 ## - INTERNATIONAL STANDARD BOOK NUMBER
International Standard Book Number 9781259003653
Terms of availability 295.00
020 ## - INTERNATIONAL STANDARD BOOK NUMBER
International Standard Book Number 1259003655
Terms of availability 295.00
035 ## - SYSTEM CONTROL NUMBER
System control number EN-88726
035 ## - SYSTEM CONTROL NUMBER
System control number B-492258-270
037 ## - SOURCE OF ACQUISITION
Source of stock number/acquisition DBAD/PUB
037 ## - SOURCE OF ACQUISITION
Source of stock number/acquisition Blue Berry/Ven
Stock number dpl
082 ## - DEWEY DECIMAL CLASSIFICATION NUMBER
Classification number 000
100 ## - MAIN ENTRY--PERSONAL NAME
Personal name Upadhyay, Meenakshi
245 ## - TITLE STATEMENT
Title Comprehension interpersonal & communication skills for general studies :
Statement of responsibility, etc by Meenakshi Upadhyay [and] Arun Sharma
Remainder of title Civil Services Preliminary Examination paper II /
260 ## - PUBLICATION, DISTRIBUTION, ETC. (IMPRINT)
Place of publication, distribution, etc New Delhi
Name of publisher, distributor, etc Tata McGraw Hill
Date of publication, distribution, etc 2012
270 ## - ADDRESS
Address 7, West Patel Nagar
City New Delhi
Postal code 110008
300 ## - PHYSICAL DESCRIPTION
Extent various pagings
Dimensions 27cm(pbk)
490 ## - SERIES STATEMENT
Series statement Tata McGraw-Hill's winning edge series
700 ## - ADDED ENTRY--PERSONAL NAME
Personal name Sharma, Arun
9 (RLIN) 46277
942 ## - ADDED ENTRY ELEMENTS (KOHA)
Source of classification or shelving scheme Dewey Decimal Classification
Item type English Books
Call number suffix UPA
Classification part 000
Holdings
Withdrawn status Lost status Not for loan Collection code Home library Current library Date acquired Source of acquisition Cost, normal purchase price Full call number Barcode Copy number Cost, replacement price Koha item type
      Non-fiction Andrews Gunj Andrews Gunj 17/07/2013 Blue Berry/IN9994/03.01.2013/116/18.12.2012/23.01.2013 295.00 000 UPA B-492265 1 295.00 English Books
      Non-fiction Bawana Bawana 17/07/2013 Blue Berry/IN9994/03.01.2013/116/18.12.2012/23.01.2013 295.00 000 UPA B-492268 1 295.00 English Books
      Non-fiction Central Library Central Library 17/07/2013 Blue Berry/IN9994/03.01.2013/116/18.12.2012/23.01.2013 295.00 000 UPA B-492258 1 295.00 English Books
    Not For Loan Non-fiction D.B.Act.Division D.B.Act.Division 03/05/2012 DBAD/PUB 295.00 000 UPA EN-88726 1 295.00 English Books
      Non-fiction Janak Puri Janak Puri 17/07/2013 Blue Berry/IN9994/03.01.2013/116/18.12.2012/23.01.2013 295.00 000 UPA B-492261 1 295.00 English Books
      Non-fiction Kasturba Gandhi Marg Kasturba Gandhi Marg 17/07/2013 Blue Berry/IN9994/03.01.2013/116/18.12.2012/23.01.2013 295.00 000 UPA B-492260 1 295.00 English Books
      Non-fiction Narela Narela 17/07/2013 Blue Berry/IN9994/03.01.2013/116/18.12.2012/23.01.2013 295.00 000 UPA B-492269 1 295.00 English Books
      Non-fiction Patel Nagar Patel Nagar 17/07/2013 Blue Berry/IN9994/03.01.2013/116/18.12.2012/23.01.2013 295.00 000 UPA B-492259 1 295.00 English Books
      Non-fiction R.K.Puram-8 R.K.Puram-8 17/07/2013 Blue Berry/IN9994/03.01.2013/116/18.12.2012/23.01.2013 295.00 000 UPA B-492264 1 295.00 English Books
      Non-fiction Sarojini Nagar Sarojini Nagar 17/07/2013 Blue Berry/IN9994/03.01.2013/116/18.12.2012/23.01.2013 295.00 000 UPA B-492262 2 295.00 English Books
      Non-fiction Sarojini Nagar Sarojini Nagar 17/07/2013 Blue Berry/IN9994/03.01.2013/116/18.12.2012/23.01.2013 295.00 000 UPA B-492263 2 295.00 English Books
      Non-fiction Sarojini Nagar Sarojini Nagar 17/07/2013 Blue Berry/IN9994/03.01.2013/116/18.12.2012/23.01.2013 295.00 000 UPA B-492266 1 295.00 English Books
      Non-fiction Shahdara Branch Shahdara Branch 17/07/2013 Blue Berry/IN9994/03.01.2013/116/18.12.2012/23.01.2013 295.00 000 UPA B-492270 1 295.00 English Books
      Non-fiction Vinoba Puri Vinoba Puri 17/07/2013 Blue Berry/IN9994/03.01.2013/116/18.12.2012/23.01.2013 295.00 000 UPA B-492267 1 295.00 English Books

© Delhi Public Library
Hit Counter
free hit counter